Normal view
MARC view
- Roche, Christian
Entry Nombre Personal
001 - NUMERO DE CONTROL
- campo de control: 37829
003 - IDENTIFICADOR DE NUMERO DE CONTROL
- campo de control: UPN
005 - FECHA Y HORA DE LA ÜLTIMA TRANSACCIÓN
- campo de control: 20210219194529.0
008 - DATOS DE LONGITUD FIJA
- campo de control de longitud fija: nabaccnnaabn|||||||||| b |nc|||||d
035 ## - NUMERO DE CONTROL
- Número de control: UPN11000009936
040 ## - FUENTE DE CATALOGACIÓN
- Lenguaje de catalogación: SPA
- Agencia de transcripción: UPN
100 1# - ENCABEZAMIENTO - NOMBRE PERSONAL
- Nombre personal: Roche, Christian
670 ## - FUENTE EN LA QUE SE LOCALIZARON DATOS
- Cita de la fuente: T
- Uniform Resource Identifier: http://www.babelio.com/auteur/Christian-Roche/77861
- Información localizada: Sapiencia y artimañas de Sócrates : el filósofo de la calle
680 ## - NOTA PUBLICA DE ACCESO PÚBLICO
- Frase explicativa de la referencia: Francia. Profesor de filosofía en París. Ha publicado varios libros en su campo. La visita es su primer álbum para niños
902 ## - CATALOGADOR
- Catalogador: EMR/221015
